| 000 | 01145pam a2200313 i 4500 | ||
|---|---|---|---|
| 001 | 2909 | ||
| 003 | FISKH | ||
| 005 | 20240123102803.0 | ||
| 008 | 791127r19801967nyu j 000 1 eng | ||
| 010 | _a 79003764 | ||
| 020 | _a9781405271936 | ||
| 040 |
_aDLC _cDLC _dDLC _beng |
||
| 042 | _alcac | ||
| 050 | 0 | 0 |
_aPZ7.T5973 _bHi 1980 |
| 082 | 0 | 0 | _a[Fic] |
| 100 | 1 | _aTomlinson, Jill. | |
| 245 | 1 | 0 |
_aHilda the hen who wouldn't give up / _cby Jill Tomlinson ; Pictures by Paul Howard |
| 250 | _aThis edition published in 2004 | ||
| 260 |
_aLondon : _bMethuen Children's Books, _c1967 |
||
| 300 |
_a103 pages : _billustrations ; _c20 cm |
||
| 505 | _aR | ||
| 520 | _aHilda is a small, speckled hen. And when Hilda makes up her mind, nothing can stop her. Hilda’s auntie has just had a family of chicks, and she’s determined to visit them. But how is Hilda going to travel the five miles to her auntie’s farm? | ||
| 521 | 8 |
_a690
_bLexile |
|
| 521 | 8 |
_aR
_bRaz-Plus |
|
| 650 | 1 |
_aChickens _xFiction. |
|
| 700 |
_aHoward, Paul _eillustrator |
||
| 906 |
_a7 _bcbc _corignew _d1 _eocip _f19 _gy-gencatlg |
||
| 942 |
_2ddc _cBK _n0 |
||
| 999 |
_c2909 _d2909 |
||